An end to the waiting game for planning decisions (Record no. 79992)
[ view plain ]
| 000 -LEADER | |
|---|---|
| fixed length control field | 01317cad a22002055a 4500 |
| 001 - CONTROL NUMBER | |
| control field | L142958 |
| 008 - FIXED-LENGTH DATA ELEMENTS--GENERAL INFORMATION | |
| fixed length control field | 080326e20080325xxk f f000 0 eng d |
| 035 ## - SYSTEM CONTROL NUMBER | |
| System control number | (Sirsi) u142958 |
| 041 0# - LANGUAGE CODE | |
| Language code of text/sound track or separate title | eng |
| 110 1# - MAIN ENTRY--CORPORATE NAME | |
| Corporate name or jurisdiction name as entry element | United Kingdom |
| Subordinate unit | Department for Communities and Local Government |
| 9 (RLIN) | 4939 |
| 245 03 - TITLE STATEMENT | |
| Title | An end to the waiting game for planning decisions |
| Medium | [electronic resource] |
| 260 ## - PUBLICATION, DISTRIBUTION, ETC. | |
| Date of publication, distribution, etc. | 2008 |
| 490 ## - SERIES STATEMENT | |
| Series statement | DCLG News Release |
| Volume/sequential designation | 25 March 2008 |
| 520 ## - SUMMARY, ETC. | |
| Summary, etc. | Announces a review of the planning system aimed at reducing delays caused by bureaucracy. Despite increases in the system's efficiency the government believes there is still unnecessary paperwork. Delays commonly experienced after planning permission has been granted are also being targeted for reduction. Recommends that councils should make better use of technologies such as the internet. A review paper will be published to make procedural recommendations. Also announces that Planning Aid funding is to be doubled this year to £3.2m. |
| 590 ## - LOCAL NOTE (RLIN) | |
| Local note | KA NTK |
| 651 #4 - SUBJECT ADDED ENTRY--GEOGRAPHIC NAME | |
| Geographic name | United Kingdom |
| Chronological subdivision | |
| 690 ## - LOCAL SUBJECT ADDED ENTRY--TOPICAL TERM (OCLC, RLIN) | |
| Topical term or geographic name as entry element | ENVIRONMENTAL AND LAND CONSULTANCY-PLANNING AND DEVELOPMENT-PLANNING REFORM |
| 856 40 - ELECTRONIC LOCATION AND ACCESS | |
| Uniform Resource Identifier | <a href="https://webarchive.nationalarchives.gov.uk/+/http://www.communities.gov.uk/news/corporate/730925">https://webarchive.nationalarchives.gov.uk/+/http://www.communities.gov.uk/news/corporate/730925</a> |
| Public note | View the item free of charge at www.communities.gov.uk |
| 942 ## - ADDED ENTRY ELEMENTS (KOHA) | |
| Suppress in OPAC | 0 |
| Withdrawn status | Lost status | Source of classification or shelving scheme | Damaged status | Not for loan | Home library | Current library | Shelving location | Date acquired | Total Checkouts | Full call number | Barcode | Date last seen | Copy number | Price effective from | Koha item type |
|---|---|---|---|---|---|---|---|---|---|---|---|---|---|---|---|
| Dewey Decimal Classification | Virtual | Virtual | Online | 26/03/2008 | L142958 | 142958-1001 | 06/08/2019 | 1 | 06/08/2019 | Journal article |